Pla d'equipaments culturals d'Òdena : desembre de 2009 desembre de 2009
Descripción Física:
115 pàgines : il·lustracions ; 29 cm
Idioma:
Catalán
MARC
| LEADER | 00000nam a2200000uc 4500 | ||
|---|---|---|---|
| 001 | 1016856 | ||
| 008 | s2009||||sp ||||gr|||| ||| ||cat|d | ||
| 040 | |a BGR |b cat | ||
| 245 | 0 | 0 | |a Pla d'equipaments culturals d'Òdena : |b desembre de 2009 |
| 260 | |a Barcelona : |b Diputació de Barcelona. Centre d'Estudis i Recursos Culturals, |c 2009 | ||
| 300 | |a 115 pàgines : |b il·lustracions ; |c 29 cm | ||
| 500 | |a A la coberta: Ajuntament d'Òdena | ||
| 650 | 0 | |a Equipaments culturals |z Òdena (Catalunya) |9 53671 | |
| 651 | 0 | |9 53670 |a Òdena (Catalunya) |x Política cultural | |
| 710 | |9 53672 |a Òdena (Catalunya). |b Ajuntament | ||
| 710 | 1 | |a Barcelona (Catalunya : Província). |b Centre d'Estudis i Recursos Culturals |9 52487 | |
| 942 | |c ARXIU |2 udc |n 1 | ||
| 952 | |0 0 |1 0 |4 0 |6 BIB739 |7 1 |9 62588 |a Arxiu |b Arxiu |d 2022-06-30 |o Bib-739 |p 26101 |r 2022-06-30 00:00:00 |w 2022-06-30 |y ARXIU |z Donatiu BGR | ||
| 999 | |c 21182 |d 21182 | ||